000
00300nam a22001457a 4500
008
210224b ||||| |||| 00| 0 eng d
020
_a
0306433613
041
_a
eng
080
_a
61
082
_a
61
100
_a
3
101
_a
SHM
245
_a
Medical Virology 8
_c
Maza,L.M
942
_2
udc
_c
BK
999
_c
55152
_d
55152